Структурная неоднородность многокомпонентных электронно-лучевых покрытий с повышенным содержанием азота; Современные техника и технологии; Т. 2
| Parent link: | Современные техника и технологии: сборник трудов XV Международной научно-практической конференции студентов, аспирантов и молодых ученых, Томск, 4-8 мая 2009 г/ Национальный исследовательский Томский политехнический университет (ТПУ).— , 2009 Т. 2.— 2009.— [С. 51-53] |
|---|---|
| 第一著者: | |
| その他の著者: | , |
| 要約: | Заглавие с титульного листа Электронная версия печатной публикации |
| 言語: | ロシア語 |
| 出版事項: |
2009
|
| 主題: | |
| オンライン・アクセス: | http://www.lib.tpu.ru/fulltext/c/2009/C01/V2/024.pdf |
| フォーマット: | 電子媒体 図書の章 |
| KOHA link: | https://koha.lib.tpu.ru/cgi-bin/koha/opac-detail.pl?biblionumber=245137 |
MARC
| LEADER | 00000naa2a2200000 4500 | ||
|---|---|---|---|
| 001 | 245137 | ||
| 005 | 20260112145205.0 | ||
| 035 | |a (RuTPU)RU\TPU\book\266542 | ||
| 035 | |a RU\TPU\book\266539 | ||
| 090 | |a 245137 | ||
| 100 | |a 20131106d2009 k y0rusy50 ca | ||
| 101 | 0 | |a rus | |
| 102 | |a RU | ||
| 135 | |a drnn ---uucaa | ||
| 181 | 0 | |a i | |
| 182 | 0 | |a b | |
| 200 | 1 | |a Структурная неоднородность многокомпонентных электронно-лучевых покрытий с повышенным содержанием азота |f Е. А. Иванова, Е. Л. Орехова |g науч. рук. Н. А. Наркевич | |
| 203 | |a Текст |c электронный | ||
| 215 | |a 1 файл (1.3 Мб) | ||
| 300 | |a Заглавие с титульного листа | ||
| 300 | |a Электронная версия печатной публикации | ||
| 337 | |a Adobe Reader | ||
| 461 | 0 | |0 (RuTPU)RU\TPU\book\261117 |t Современные техника и технологии |o сборник трудов XV Международной научно-практической конференции студентов, аспирантов и молодых ученых, Томск, 4-8 мая 2009 г |o в 3 т. |f Национальный исследовательский Томский политехнический университет (ТПУ) |d 2009 | |
| 463 | 0 | |0 (RuTPU)RU\TPU\book\266450 |t Т. 2 |v [С. 51-53] |d 2009 | |
| 610 | 1 | |a электронный ресурс | |
| 610 | 1 | |a труды учёных ТПУ | |
| 610 | 1 | |a покрытия | |
| 610 | 1 | |a электронно-лучевые технологии | |
| 610 | 1 | |a многокомпонентные покрытия | |
| 610 | 1 | |a неоднородность | |
| 610 | 1 | |a азот | |
| 610 | 1 | |a повышенное содержание | |
| 610 | 1 | |a нанесение | |
| 610 | 1 | |a высокотемпературное воздействие | |
| 700 | 1 | |a Иванова |b Е. А. |c специалист в области материаловедения |c доцент Томского политехнического университета, кандидат технических наук |f 1982- |g Елена Анатольевна |3 (RuTPU)RU\TPU\pers\33037 |9 16871 | |
| 701 | 1 | |a Орехова |b Е. Л. | |
| 702 | 1 | |a Наркевич |b Н. А. |4 727 | |
| 801 | 1 | |a RU |b 63413507 |c 20130617 | |
| 801 | 2 | |a RU |b 63413507 |c 20141121 |g RCR | |
| 856 | 4 | |u http://www.lib.tpu.ru/fulltext/c/2009/C01/V2/024.pdf | |
| 942 | |c CF | ||